UBT Library

Sociolinguistikë e shqipes : (Record no. 396)

000 -LEADER
fixed length control field 00670nam a22002057a 4500
008 - FIXED-LENGTH DATA ELEMENTS--GENERAL INFORMATION
fixed length control field 140116b xxu||||| |||| 00| 0 alb d
020 ## - INTERNATIONAL STANDARD BOOK NUMBER
International Standard Book Number 9789995626280
080 ## - UNIVERSAL DECIMAL CLASSIFICATION NUMBER
Universal Decimal Classification number 811.18'27
-- 811.18'282'373
-- 811.18:39
100 1# - Rafti
Rafti Shkurtaj, Gjovalin
245 10 - TITLE STATEMENT
Title Sociolinguistikë e shqipes :
Statement of responsibility, etc Gjovalin Shkurtaj.
250 ## -
-- Botimi i 2
260 ## -
-- Tiranë :
-- Morava ;
-- 2009.
300 ## -
-- 425 f. ;
-- 23 cm
650 ## -
-- Gjuha shqipe
-- Aspekte sociale
650 ## -
-- Gjuha shqipe
-- Leksikologjia
650 ## -
-- Gjuha shqipe
-- Dialektet
650 ## -
-- Gjuha shqipe
-- Gjuha letrare
650 ## -
-- Etnolinguistika
942 ## - ADDED ENTRY ELEMENTS (KOHA)
Source of classification or shelving scheme
Item type Books
Holdings
Withdrawn status Lost status Source of classification or shelving scheme Damaged status Not for loan Collection code Permanent location Current location Shelving location Date acquired Total Checkouts Full call number Barcode Date last seen Date last borrowed Koha item type
          Koleksioni i lëndeve mesimore UBT - Prishtine UBT - Prishtine Koleksioni i lëndeve mesimore 01/16/2014 2 811.18'27 SHKU 001-000534 02/18/2014 02/18/2014 Books
UBT Library © 2015-2024. All rights reserved University Education for Business and Technology